[Event "Zaporozhye Ermak Cup 7th"]
[Site "Zaporozhye"]
[Date "2011.06.28"]
[Round "5"]
[White "Matsegora, Taras"]
[Black "Boldysh, Maxim"]
[Result "0-1"]
[WhiteElo "2191"]
[BlackElo "1993"]
[PlyCount "112"]
[EventDate "2011.06.25"]
[EventType "swiss"]
[EventRounds "9"]
[EventCountry "UKR"]
[SourceTitle "CBM 143 Extra"]
[Source "ChessBase"]
[SourceDate "2011.08.29"]
[SourceVersion "1"]
[SourceVersionDate "2011.08.29"]
[SourceQuality "1"]

1. c4 Nf6 2. Nc3 e6 3. e4 d6 4. d4 Be7 5. f3 0-0 6. Be3 Nbd7 7. Qd2 e5 8. d5 a5 9. Nge2 b6 10. g4 Nc5 11. Ng3 Ne8 12. 0-0-0 h6 13. Nf5 Bg5 14. h4 Bxe3 15. Nxe3 g6 16. Be2 Kh7 17. Rdf1 Nf6 18. Nc2 Qe7 19. Ne1 Bd7 20. Nd3 Rae8 21. Nxc5 bxc5 22. Bd1 Rb8 23. a3 Bc8 24. Ba4 Ba6 25. Bb5 Bc8 26. Ne2 Ra8 27. Bc6 Ra7 28. Ng3 Nd7 29. Bb5 Ra8 30. Rh2 Ba6 31. Bxa6 Rxa6 32. Qc2 a4 33. h5 g5 34. Rd1 Rb8 35. Rd3 Qd8 36. Nf5 Qc8 37. Ne7 Qb7 38. Nc6 Re8 39. Kd2 Nb8 40. Nxb8 Rxb8 41. Ke3 Rb6 42. Qxa4 Rxb2 43. Rc2 Rb1 44. Re2 Rc1 45. Qb5 Qa7 46. Qd7 Kg7 47. f4 exf4+ 48. Kf3 Qa6 49. e5 Qxc4 50. Qf5 Rb3 51. Red2 Qxd5+ 52. Kf2 Rxd3 53. Qxd3 Qh1 54. exd6 Qe1+ 55. Kf3 Qh1+ 56. Kf2 Re1 0-1

[Event "UKR-ch"]
[Site "Alushta"]
[Date "2009.05.19"]
[Round "9"]
[White "Matsegora, Taras"]
[Black "Nosenko, Alexander"]
[Result "0-1"]
[WhiteElo "2196"]
[BlackElo "2498"]
[PlyCount "100"]
[EventDate "2009.05.11"]
[EventType "swiss"]
[EventRounds "9"]
[EventCountry "UKR"]
[SourceTitle "CBM 130 Extra"]
[Source "ChessBase"]
[SourceDate "2009.07.02"]
[SourceVersion "2"]
[SourceVersionDate "2009.07.15"]
[SourceQuality "1"]

1. d4 f5 2. c4 Nf6 3. Nf3 g6 4. g3 Bg7 5. Bg2 0-0 6. Nc3 d6 7. 0-0 Qe8 8. b3 h6 9. Bb2 g5 10. d5 a5 11. e3 Na6 12. Qc2 Qh5 13. Rfe1 Rf7 14. a3 Bd7 15. Nd4 Rff8 16. Re2 Nc5 17. Ncb5 Rac8 18. b4 Na6 19. Qb3 Kh8 20. Rc2 f4 21. exf4 gxf4 22. Ne6 Bxe6 23. dxe6 c6 24. Nd4 fxg3 25. fxg3 Qg6 26. Re1 axb4 27. axb4 Rb8 28. Rf2 Ng4 29. Rxf8+ Rxf8 30. h3 Ne5 31. g4 Qd3 32. Re3 Qb1+ 33. Kh2 Nxc4 34. Qxc4 Qxb2 35. Nf5 Nxb4 36. h4 Nd5 37. Re1 Ra8 38. Re2 Be5+ 39. Kg1 Qb6+ 40. Kf1 Nf4 41. Rc2 Ra1+ 42. Rc1 Qb2 43. Rxa1 Qxg2+ 44. Ke1 Qg1+ 45. Kd2 Qxa1 46. Nxh6 Qb2+ 47. Kd1 d5 48. Qc2 Qxc2+ 49. Kxc2 Kg7 50. Nf7 Bc7 0-1

[Event "UKR-ch"]
[Site "Alushta"]
[Date "2009.05.11"]
[Round "1"]
[White "Kharchenko, Boris"]
[Black "Matsegora, Taras"]
[Result "1-0"]
[WhiteElo "2474"]
[BlackElo "2196"]
[PlyCount "91"]
[EventDate "2009.05.11"]
[EventType "swiss"]
[EventRounds "9"]
[EventCountry "UKR"]
[SourceTitle "CBM 130 Extra"]
[Source "ChessBase"]
[SourceDate "2009.07.02"]
[SourceVersion "2"]
[SourceVersionDate "2009.07.15"]
[SourceQuality "1"]

1. e4 e5 2. Nf3 d6 3. d4 exd4 4. Qxd4 a6 5. Bf4 Nc6 6. Qd2 Nf6 7. Nc3 Bg4 8. 0-0-0 Be7 9. h3 Be6 10. Qe3 Nd7 11. e5 dxe5 12. Nxe5 Ncxe5 13. Bxe5 0-0 14. Qg3 f6 15. Bxc7 Qe8 16. Re1 Qf7 17. Qe3 Ne5 18. f4 Rfc8 19. fxe5 Rxc7 20. exf6 Rxc3 21. Qxe6 Ba3 22. Qxf7+ Kxf7 23. bxa3 Rac8 24. Re2 Kxf6 25. Rd2 Rxa3 26. Kb2 Ra4 27. a3 Rc6 28. Bd3 Rb6+ 29. Ka2 h5 30. Rf2+ Kg5 31. g3 Rd6 32. Rf5+ Kh6 33. g4 g6 34. g5+ Kg7 35. Re5 Rf4 36. Re7+ Rf7 37. Rhe1 b5 38. R1e6 Rxe7 39. Rxd6 Re3 40. Rxg6+ Kf7 41. Rf6+ Kg7 42. Rxa6 Rxh3 43. Ra7+ Kg8 44. g6 h4 45. Bxb5 Rg3 46. Bc4+ 1-0

[Event "Alushta Summer 3rd"]
[Site "Alushta"]
[Date "2008.06.08"]
[Round "11"]
[White "El Gindy, Essam"]
[Black "Matsegora, Taras"]
[Result "1-0"]
[WhiteElo "2507"]
[BlackElo "2207"]
[PlyCount "47"]
[EventDate "2008.06.03"]
[EventType "tourn"]
[EventRounds "14"]
[EventCountry "UKR"]
[EventCategory "6"]
[SourceTitle "EXT 2009"]
[Source "ChessBase"]
[SourceDate "2008.11.26"]
[SourceVersion "1"]
[SourceVersionDate "2008.11.26"]
[SourceQuality "1"]

1. d4 f5 2. h3 Nf6 3. g4 d5 4. Nf3 e6 5. Rg1 fxg4 6. hxg4 Bd6 7. c3 c5 8. a3 Ne4 9. Nbd2 0-0 10. Nxe4 dxe4 11. Ng5 cxd4 12. Qxd4 Qe7 13. Qxe4 g6 14. Rh1 Nc6 15. Be3 Ne5 16. Rxh7 Qf6 17. 0-0-0 Bb8 18. Bg2 a5 19. Rdh1 Ra6 20. Rh8+ Qxh8 21. Rxh8+ Kxh8 22. Bd4 Kg8 23. Bxe5 Bxe5 24. Qxg6+ 1-0

[Event "Alushta Summer 3rd"]
[Site "Alushta"]
[Date "2008.06.06"]
[Round "6"]
[White "Matsegora, Taras"]
[Black "Shvyrjov, Igor"]
[Result "1/2-1/2"]
[WhiteElo "2207"]
[BlackElo "2432"]
[PlyCount "55"]
[EventDate "2008.06.03"]
[EventType "tourn"]
[EventRounds "14"]
[EventCountry "UKR"]
[EventCategory "6"]
[SourceTitle "EXT 2009"]
[Source "ChessBase"]
[SourceDate "2008.11.26"]
[SourceVersion "1"]
[SourceVersionDate "2008.11.26"]
[SourceQuality "1"]

1. Nf3 Nf6 2. d4 d6 3. c4 g6 4. Nc3 Bg7 5. e4 0-0 6. Be2 e5 7. dxe5 dxe5 8. Qxd8 Rxd8 9. Bg5 Re8 10. Nd5 Nxd5 11. cxd5 c6 12. Bc4 cxd5 13. Bxd5 Nd7 14. Nd2 Nc5 15. 0-0-0 Ne6 16. Be3 Nf4 17. Bxf4 exf4 18. f3 Be6 19. Nb3 Rac8+ 20. Kb1 Bxd5 21. Rxd5 f5 22. exf5 Re2 23. Rd2 Rxd2 24. Nxd2 gxf5 25. b3 Re8 26. g3 Re2 27. Kc2 fxg3 28. hxg3 1/2-1/2

[Event "Alushta Summer 3rd"]
[Site "Alushta"]
[Date "2008.06.04"]
[Round "2"]
[White "Chos, Alexey"]
[Black "Matsegora, Taras"]
[Result "1-0"]
[WhiteElo "2406"]
[BlackElo "2207"]
[PlyCount "95"]
[EventDate "2008.06.03"]
[EventType "tourn"]
[EventRounds "14"]
[EventCountry "UKR"]
[EventCategory "6"]
[SourceTitle "EXT 2009"]
[Source "ChessBase"]
[SourceDate "2008.11.26"]
[SourceVersion "1"]
[SourceVersionDate "2008.11.26"]
[SourceQuality "1"]

1. e4 e6 2. d4 d5 3. Nc3 Bb4 4. e5 Qd7 5. a3 Bf8 6. f4 b6 7. Nf3 Ne7 8. b4 c6 9. Rb1 h5 10. Bd3 Nf5 11. 0-0 g6 12. a4 Be7 13. Ne2 Na6 14. b5 Nc7 15. Ng3 a6 16. Nxf5 gxf5 17. bxa6 b5 18. axb5 Nxb5 19. Qe1 Bxa6 20. Qg3 Kf8 21. Ra1 h4 22. Qe1 Kg7 23. Be3 Nc7 24. Ng5 Bxd3 25. Rxa8 Nxa8 26. cxd3 Nc7 27. h3 Nb5 28. Qf2 c5 29. Rc1 cxd4 30. Bxd4 Nxd4 31. Qxd4 Rc8 32. Qa1 Bc5+ 33. Rxc5 Rxc5 34. Qe1 Qa7 35. Kh2 Rc8 36. Qxh4 Rh8 37. Qg3 Kf8 38. Nf3 Qe3 39. Qg5 Qb6 40. Qf6 Rg8 41. Ng5 Rg7 42. h4 Rxg5 43. Qxg5 Qc7 44. h5 Qe7 45. h6 Qxg5 46. fxg5 Kg8 47. Kg3 Kh7 48. Kf4 1-0